| 000 | 005660000a22001810004500 | ||
|---|---|---|---|
| 003 | MACL | ||
| 005 | 20160526114741.0 | ||
| 008 | 160526b xxu||||| |||| 00| 0 eng d | ||
| 040 |
_aMACL _cMACL |
||
| 041 | _aHindi | ||
| 082 | _a891.433 BHA | ||
| 100 |
_aबारहठ, करणीदान _959012 |
||
| 245 |
_aमटमैली माटी _cकरणीदान बारहठ |
||
| 260 |
_bएस. के. पब्लिशर्स _c2004 _aनई दिल्ली |
||
| 350 | _a200 | ||
| 650 |
_aNovel _959635 |
||
| 942 |
_cHIN _k800/BAR/N _2ddc |
||
| 999 |
_c18280 _d18280 |
||